Pioneras : el día que ellas pisaron la cancha hicieron historia /

I tiakina i:
Ngā taipitopito rārangi puna kōrero
Kaituhi matua: Reimers, Marion (autor)
Hōputu: Pukapuka
Reo:Pāniora
I whakaputaina: México : Planeta, 2023, c2023
Ngā marau:
Ngā Tūtohu: Tāpirihia he Tūtohu
Kāore He Tūtohu, Me noho koe te mea tuatahi ki te tūtohu i tēnei pūkete!

MARC

LEADER 00000nam^a2200000^a^4500
001 000578198
005 20250521000000.0
009 20260310132504.198
020 |a 978-607-39-0210-6 
037 |a Acervo ITESO - Biblioteca 
041 |a ESP 
082 |a 769. 334097207  |b REI 
100 |a Reimers, Marion  |e (autor) 
245 1 0 |a Pioneras :  |b el día que ellas pisaron la cancha hicieron historia /  |c M. Reimers. 
264 4 |a México :  |b Planeta,  |c 2023, c2023 
300 |a 213 p. 
336 |a texto  |b txt  |2 rdacontenido 
337 |a sin mediación  |b n  |2 rdamedio 
338 |a volumen  |b nc  |2 rdasoporte 
521 |a FIL 2023 DIA 
649 |a XX 
650 |a Futbolistas -  |z México -  |x Condiciones Laborales 
650 |a Futbolistas -  |z México -  |x Condiciones Económicas 
650 |a Futbolistas -  |z México -  |x Condiciones Sociales y Culturales -  |x Tema Principal 
650 |a Futbolistas -  |z México -  |x Historia -  |y 2012-2018 
650 |a Futbolistas -  |z México -  |x Historia -  |y 2018-2024 
650 |a Futbolistas -  |z México -  |x Historia -  |y Siglo XXI 
650 |a Deportistas Profesionales -  |z México -  |x Condiciones Laborales 
650 |a Deportistas Profesionales -  |z México -  |x Condiciones Económicas 
650 |a Deportistas Profesionales -  |z México -  |x Condiciones Sociales y Culturales 
650 |a Deportistas Profesionales -  |z México -  |x Historia -  |y 2012-2018 
650 |a Deportistas Profesionales -  |z México -  |x Historia -  |y 2018-2024 
650 |a Deportistas Profesionales -  |z México -  |x Historia -  |y Siglo XXI 
650 |a Deportistas -  |z México -  |x Condiciones Laborales 
650 |a Deportistas -  |z México -  |x Condiciones Económicas 
650 |a Deportistas -  |z México -  |x Condiciones Sociales y Culturales 
650 |a Deportistas -  |z México -  |x Historia -  |y 2012-2018 
650 |a Deportistas -  |z México -  |x Historia -  |y 2018-2024 
650 |a Deportistas -  |z México -  |x Historia -  |y Siglo XXI 
650 |a Mujeres en los Deportes -  |z México -  |x Condiciones Laborales 
650 |a Mujeres en los Deportes -  |z México -  |x Condiciones Económicas 
650 |a Mujeres en los Deportes -  |z México -  |x Condiciones Sociales y Culturales -  |x Tema Principal 
650 |a Mujeres en los Deportes -  |z México -  |x Historia -  |y 2012-2018 
650 |a Mujeres en los Deportes -  |z México -  |x Historia -  |y 2018-2024 
650 |a Mujeres en los Deportes -  |z México -  |x Historia -  |y Siglo XXI -  |x Tema Principal 
650 |a Futbol -  |z México -  |x Aspectos Laborales 
650 |a Futbol -  |z México -  |x Aspectos Económicos 
650 |a Futbol -  |z México -  |x Aspectos Sociales y Culturales 
650 |a Futbol -  |x Competencias -  |z México -  |x Historia 
650 |a Futbol -  |x México -  |x Historia -  |y 2012-2018 
650 |a Futbol -  |x México -  |x Historia -  |y 2018-2024 -  |x Tema Principal 
650 |a Futbol -  |x México -  |x Historia -  |y Siglo XXI 
650 |a Deportes Profesionales -  |z México -  |x Aspectos Laborales 
650 |a Deportes Profesionales -  |z México -  |x Aspectos Económicos 
650 |a Deportes Profesionales -  |z México -  |x Aspectos Sociales y Culturales 
650 |a Deportes Profesionales -  |x Competencias -  |z México -  |x Historia 
650 |a Deportes Profesionales -  |x México -  |x Historia -  |y 2012-2018 
650 |a Deportes Profesionales -  |x México -  |x Historia -  |y 2018-2024 
650 |a Deportes Profesionales -  |x México -  |x Historia -  |y Siglo XXI 
650 |a Deportes -  |z México -  |x Aspectos Laborales 
650 |a Deportes -  |z México -  |x Aspectos Económicos 
650 |a Deportes -  |z México -  |x Aspectos Sociales y Culturales 
650 |a Deportes -  |x Competencias -  |z México -  |x Historia 
650 |a Deportes -  |x México -  |x Historia -  |y 2012-2018 
650 |a Deportes -  |x México -  |x Historia -  |y 2018-2024 
650 |a Deportes -  |x México -  |x Historia -  |y Siglo XXI 
650 |a Machismo -  |z México -  |x Historia -  |y Siglo XXI 
650 |a Discriminación de Género -  |z México -  |x Historia -  |y Siglo XXI 
650 |a Problemas Sociales -  |z México -  |x Historia -  |y Siglo XXI 
650 |a Sociología 
910 |a Fondo General 
920 |a Impresos - Libros 
930 |a Colección General 
905 |a 101 
901 |a 0500403204  |b IT1  |c ACC  |i C184187  |u 20250521 
902 |a https://opac.biblio.iteso.mx/vufind/Record/000578198